| 000 | 00367pab a2200157 454500 | ||
|---|---|---|---|
| 008 | 180718b1987 xxu||||| |||| 00| 0 eng d | ||
| 100 | _aIyer, S.S. | ||
| 245 | _aSocio - economic aspects of irrigation | ||
| 260 | _c1987 | ||
| 300 | _a164-6 | ||
| 362 | _aOct.-Dec. | ||
| 650 | _aIrrigation - India | ||
| 700 | _aG.C. Vyas | ||
| 773 | _aBhagirath | ||
| 909 | _a11399 | ||
| 999 |
_c11399 _d11399 |
||